LEADER 02415nas 2200697-a 450 001 996336156403316 005 20230227213019.0 011 $a2688-5565 035 $a(OCoLC)60620266 035 $a(CKB)110978984445539 035 $a(CONSER)--2007266022 035 $a(EXLCZ)99110978984445539 100 $a20050614a19939999 --- a 101 0 $aeng 135 $aur||||||||||| 181 $ctxt$2rdacontent 182 $cc$2rdamedia 183 $acr$2rdacarrier 200 10$aMichigan journal of gender & law 210 $a[Ann Arbor, Mich.] $c[Published by student editors of the University of Michigan Law School] 300 $aRefereed/Peer-reviewed 311 $a1095-8835 517 1 $aMich. J. Gender & L. 517 1 $aMichigan journal of gender and law 517 1 $aJournal of gender & law 531 $aMICHIGAN JOURNAL OF GENDER AND LAW 531 $aMICH J GEND LAW 531 $aJOURNAL OF INTERNATIONAL LAW AND PRACTICE SEE 531 $aMICHIGAN STATE UNIVERSITY-DCL JOURNAL OF INTERNATIONAL LAW SEE 531 $aJOURNAL OF INTERNATIONAL LAW AND PRACTICE SEE 606 $aSex and law$vPeriodicals 606 $aSex discrimination against women$xLaw and legislation$zUnited States$vPeriodicals 606 $aFeminism$zUnited States$vPeriodicals 606 $aWomen's rights$vPeriodicals 606 $aLaw reviews$zMichigan 606 $aFeminism$2fast$3(OCoLC)fst00922671 606 $aLaw reviews$2fast$3(OCoLC)fst00994120 606 $aSex and law$2fast$3(OCoLC)fst01114252 606 $aSex discrimination against women$xLaw and legislation$2fast$3(OCoLC)fst01114381 606 $aWomen's rights$2fast$3(OCoLC)fst01178818 607 $aMichigan$2fast 607 $aUnited States$2fast 608 $aPeriodicals.$2fast 608 $aPeriodicals.$2lcgft 615 0$aSex and law 615 0$aSex discrimination against women$xLaw and legislation 615 0$aFeminism 615 0$aWomen's rights 615 0$aLaw reviews 615 7$aFeminism. 615 7$aLaw reviews. 615 7$aSex and law. 615 7$aSex discrimination against women$xLaw and legislation. 615 7$aWomen's rights. 676 $a342.087 676 $a344 712 02$aUniversity of Michigan.$bLaw School. 906 $aJOURNAL 912 $a996336156403316 996 $aMichigan journal of gender & law$92097799 997 $aUNISA LEADER 01275nam0 22002771i 450 001 UON00381219 005 20231205104528.668 100 $a20100510d1982 |0itac50 ba 101 $aita 102 $aIT 105 $a|||| ||||| 200 1 $aProgrammi di studio ed evoluzione sociale$edalla teoria alla pratica$fDenis Lawton - Roma$eA. Armando, 1982 - 263 p. ; 21 cm - Trad. di Paolo Massimi 312 $aTitolo originale$9UON00381220 410 1$1001UON00176781$12001 $a Educazione comparata e pedagogie$1210 $aRoma$cArmando Editore$v25 500 0$3UON00381220$aSocial change, educational theory and curriculum planning$943389 606 $aPedagogia$xAspetti socio-culturali$3UONC050600$2FI 620 $aIT$dRoma$3UONL000004 676 $a370.19$cASPETTI SOCIALI DELL'EDUCAZIONE$v21 700 1$aLAWTON$bDenis$3UONV196834$048512 712 $aArmando$3UONV246723$4650 801 $aIT$bSOL$c20250704$gRICA 899 $aSIBA - SISTEMA BIBLIOTECARIO DI ATENEO$2UONSI 912 $aUON00381219 950 $aSIBA - SISTEMA BIBLIOTECARIO DI ATENEO$dSI FS 03994 $eSI FP 2596 5 996 $aSocial change, educational theory and curriculum planning$943389 997 $aUNIOR